The brig : a concept for theatre or film /

Bibliographic Details
Main Author: Brown, Kenneth H.
Format: Book
Language:English
Published: New York : Hill and Wang, [1965]
Edition:[1st ed.].
Series:A spotlight dramabook, SD10
Subjects:

MARC

Tag First Indicator Second Indicator Subfields
LEADER 00000cam a2200000 4500
001 in00000021892
005 20151007063759.0
008 721130s1965 nyue 00010 eng u
010 |a  65012948  
035 |a (OCoLC)00504201 
035 |9 AAD8233AM 
040 |c CCL  |d TXA  |d UtOrBLW 
049 |a TXAM  |c [468912] 
050 0 |a PS3552.R69  |b B7 
092 |a 812  |b B8782b 
100 1 |a Brown, Kenneth H. 
245 1 4 |a The brig :  |b a concept for theatre or film /  |c by Kenneth H. Brown. With an essay on the Living Theatre by Julian Beck, and director's notes by Judith Malina. 
250 |a [1st ed.]. 
264 1 |a New York :  |b Hill and Wang,  |c [1965] 
300 |a vi, 107 pages :  |b plan. ;  |c 21 cm. 
336 |a text  |b txt  |2 rdacontent 
337 |a unmediated  |b n  |2 rdamedia 
338 |a volume  |b nc  |2 rdacarrier 
490 0 |a A spotlight dramabook, SD10 
500 |a "A longer version of The brig was published in the Tulane drama review (Spring, 1964). The text printed here is the acting script used in the Living Theatre production." 
610 2 0 |a Living Theatre (New York, N.Y.) 
999 |a MARS 
999 f f |s 06986198-725e-3478-bdf2-c6bf69cebcb2  |i 6b924578-adbe-3ae4-aa47-b691ca5bc061  |t 0 
952 f f |p normal  |a Texas A&M University  |b College Station  |c Sterling C. Evans Library  |d Evans: Library Stacks  |t 0  |e PS3552.R69 B7  |h Library of Congress classification  |i unmediated -- volume  |m A14801223608 
998 f f |a PS3552.R69 B7  |t 0  |l Evans: Library Stacks